Science Quiz

Random Science or Geology Quiz
Score 0/10 Timer 03:00
0 Plays Today
% Correct
Diamond
80.4%
Talc
69.4%
Quartz
60.9%
Calcite
55.5%
Topaz
51.5%
Corundum
48.2%
Gypsum
46.5%
Fluorite
46.5%
Orthoclase Feldspar
44.6%
Apatite
44.6%
Remove Ads.
Support Sporcle.
Get the best of Sporcle when you Go Orange. This ad-free experience offers more features, more stats, and more fun while also helping to support Sporcle. Thank you for becoming a member.

You're not logged in!

Compare scores with friends on all Sporcle quizzes.
OR
Log In

Show Comments

Extras

Top Quizzes Today


Score Distribution

Your Account Isn't Verified!

In order to create a playlist on Sporcle, you need to verify the email address you used during registration. Go to your Sporcle Settings to finish the process.

Report this User

Report this user for behavior that violates our Community Guidelines.

Details: